Представление документа в формате MARC21

Поле Инд. ПП Название Значение
Тип записи a
Библиографический уровень m
001 Контрольный номер d320696a-4147-4935-a8fa-3b54547f390e
005 Дата корректировки 20140703165258.3
008 Кодируемые данные 080707
020 a ISBN 5-8291-0301-X
c Цена, тираж 179.00
040 a Служба первич. каталог. НБ ТвГУ
041 a Код языка текста rus
h Код языка оригинала rus
080 a Индекс УДК 159.922.7(075.8)
084 a Индекс другой классификации/Индекс ББК Ю983.7я73-1
090 x Авторский знак С19
a Полочн. индекс Ю983.7
100 1_ a Автор Сапогова Елена Евгеньевна
245 10 a Заглавие Культурный социогенез и мир детства
b Продолж. заглавия лекции по историографии и культур. истории детства : учеб. пособие для высш. шк.
c Ответственность Е. Е. Сапогова
260 0_ a Место издания Москва
c Дата издания 2004
b Издательство Академический Проект
300 a Объем 491, [1] с.
c Размеры 21см.
440 a Серия Gaudeamus
504 a Библиография Библиогр. в подстроч. примеч.
583 a Действие Получение впервые 161 07.07.2008
k Исполнитель действия ОАО "БИБКОМ"
583 a Действие Приписка 179 06.08.2008
k Исполнитель действия ООО "Академический Проект"
650 a Основная рубрика Детская психология
x Основная подрубрика Учебники для вузов
650 a Основная рубрика Дети
x Основная подрубрика Психология развития социокультурная
653 a Ключевые слова Детская психология
a Ключевые слова Микросоциум семьи
a Ключевые слова Психология развития ребенка
a Ключевые слова Родители
a Ключевые слова Социокультурная психология детства
852 t Порядковый номер экземпляра 11
p Инвентарный номер 913035
p Инвентарный номер 913036
p Инвентарный номер 913037
p Инвентарный номер 913038
p Инвентарный номер 913039
p Инвентарный номер 913040
p Инвентарный номер 913041
p Инвентарный номер 913042
p Инвентарный номер 913043
p Инвентарный номер 913044
p Инвентарный номер 916874 150.00
852 t Порядковый номер экземпляра 1
p Инвентарный номер 916875 150.00
863 t 00237756
863 t 00237757
863 t 00237758
863 t 00237759
863 t 00237760
863 t 00237761
863 t 00237762
863 t 00237763
863 t 00237764
863 t 00237765
863 t 00233887
863 t 00233888
888 a За счет средств университета
930 a Новая/Ретро учебники
952 p 161.2008 179.00 1 913035
p 161.2008 179.00 1 913036
p 161.2008 179.00 1 913037
p 161.2008 179.00 1 913038
p 161.2008 179.00 1 913039
p 161.2008 179.00 1 913040
p 161.2008 179.00 1 913041
p 161.2008 179.00 1 913042
p 161.2008 179.00 1 913043
p 161.2008 179.00 1 913044
p 179.2008 150.00 1 916874
p 179.2008 150.00 1 916875
c Вид литературы К ру
954 a Дата поступления на обработку 20080818
999 a Подразделение 2 Фил2
a Подразделение 2 ч.з.